| 000 | 00992nam a2200265Ia 4500 | ||
|---|---|---|---|
| 003 | OSt | ||
| 005 | 20221005105120.0 | ||
| 006 | a|||||r|||| 00| 0 | ||
| 007 | ta | ||
| 008 | 221004b |||||||| |||| 00| 0 hin d | ||
| 024 | _a30716 | ||
| 037 | _cTextual | ||
| 040 |
_aCRL _cCRL _bhin |
||
| 041 |
_2hin _ahin |
||
| 082 | _aV2:51'N5, 152M5;Q4 | ||
| 100 | _aराय, सत्या एम., संपा. | ||
| 245 | 0 | _aभारत में राष्ट्रवाद | |
| 246 | _aBhārat mean rāṣhṭravāda | ||
| 250 | _aद्वितीय संशोधित संस्करण | ||
| 260 |
_aदिल्ली _bहिन्दी माध्यम कार्यान्वय निदेशालय भारत _c1985 |
||
| 300 |
_a488पृ. _ccm. |
||
| 650 |
_aभारत-इतिहास _9156353 |
||
| 942 |
_hV2:51'N5, 152M5;Q4 _cTEXL _2cc |
||
| 999 |
_c1014804 _d1014804 |
||